000 00360nam a22001217a 4500
020 _a9783659300417
082 _a629.132
_bSIL
100 _aSilva, Andre Luis
_9111373
245 _aNonlinear Optimal Model Following Control of Flexible Aircraft /
_c Andre Luis Silva
260 _aGermany :
_bLambert,
_c2012.
300 _a208p .
_bPaperback
942 _2ddc
_cBK
999 _c594263
_d594263